000 00283nam a22001217a 4500
003 SGT
082 _a340.14
_bROY
100 _aROY, S. B
245 _aINTERPRETATION OF TAXING STATUTES A STUDY
260 _aNEW DELHI
_bTAXATION PUBLISHER
_c1973
300 _aVI ,164
942 _2ddc
_cBK
999 _c20751
_d20751